1767 1150 1053 1231 1711 1968 1671 1949 1194 1374 1042 1494 1060 1034 1359 1238 1580 1848 1518 1753 1915 1103 1101 1764 1045 1953 1637 1392 1794 1294 1413 1279 1922 1626 1206 1668 1099 1705 1825 1497 1607 1959 1897 1943 1778 1845 1770 1183 1251 1129 1189 1577 1569 1490 1752 1262 1437 1603 1571 1024 1782 1539 1993 1242 1533 1701 1168 1010 1560 1130 1487 1671 1614 1257 1819 1533 1149 1152 1796 1385 1766 1050 1364 1671 1561 1235 1193 1972 1179 1992 1510 1600 1598 1802 1146 1723 1273 1846 1834 BCNSPRNW ULIB Ver.6.0+V

เปลี่ยนเป็นภาษาไทย

Change to English
 แสดงรายละเอียดบรรณานุกรม
  กลับหน้าหลัก

Brief Record : Get Marc (ISO 2709) : E-mail record : QR code < ปิดหน้าต่าง
LEADER : 00000nam 2200000uu 4500
001    13399121172
003     ULIB
008    121107s2551||||th 000 0 tha d
020    ^a9789740555735
050 04 ^aLB1523^bส867ร
100 0  ^aสุรีย์ อรรถกร
245 10 ^aรายงานการทดลองใช้ชุดการเรียนรู้ เรื่อง สิ่งเสพติดด้วยสื่อหลากหลาย /^cสุรีย์ อรรถกร ; ถวัลย์ มาศจรัส, บรรณาธิการ
250    ^aพิมพ์ครั้งที่ 1
260    ^aกรุงเทพฯ :^bธารอักษร,^c2551
300    ^avi, 198 หน้า :^bภาพประกอบ ;^c26 ซม
650  7 ^aการสอนด้วยสื่อ
650  7 ^aสุขศึกษา^xการศึกษาและการสอน (มัธยมศึกษา)
650  7 ^aยาเสพติด^xการศึกษาและการสอน (มัธยมศึกษา)
700 0  ^aถวัลย์ มาศจรัส
945    ^p250^l0^i15150
995    ^aวิภา
999 ^a ทศพร
รายการนี้ยังไม่มีแท็ก
คุณยังไม่ได้ล็อกอิน คุณสามารถมีกิจกรรมร่วมกับเว็บไซต์ได้ แต่ต้องล็อกอินก่อน ::
  ล็อกอิน

รายการสื่อสารสนเทศ

ลำดับที่ ประเภท เลขเรียก/บาร์โค้ด สถานที่ สถานะ
1. วิทยาศาสตร์การแพทย์ และสุขภาพ
วิทยาศาสตร์การแพทย์ และสุขภาพ
LB1523 ส867ร  
  Barcode: 15150
ห้องสมุดวิทยาเขตสวรรค์ประชารักษ์
►หนังสือทั่วไป
บนชั้น

รายการใกล้เคียง
    ผู้แต่ง [สุรีย์ อรรถกร]

    หัวเรื่อง [การสอนด้วยสื่อ]

BibComment


ยังไม่เคยถูกคอมเมนท์

คอมเมนท์ทรัพยากรรายการนี้
  คอมเมนท์: รายงานการทดลองใช..


 Copyright 2026. Bcnsprnw @Library